000
00264nam a2200121Ia 4500
008
190216s9999||||xx |||||||||||||| ||und||
100
_a
Potti L R
245
0
_a
Research Methodology
260
_b
Yamuna Pub Tvm
300
_a
160
650
_a
Commerce
942
_c
BK
999
_c
7117
_d
7117